00874cam a2200241 a 450000100100000000500170001000800410002702000150006804000300008308200240011310000310013724501280016825000120029626000430030830000360035149000280038750400420041550400420045760000530049965000240055265000260057683000300060200000513720200929151604.0920908s1983 sp ac b 000 p spa d a847517101X aDO-SdBNPbspacDLCdBNPHU a861.64bC289e, 19831 aCarnero, Guillermo,d1947-10aEnsayo de una teoría de la visión :bpoesía, 1966-1977 /cGuillermo Carnero ; estudio preliminar de Carlos Bousoño. a2a. ed. aMadrid, España :bHiperión,c1983. a210 p. :bil., retrs. ;c20 cm.1 aPoesía Hiperiónv16 aIncluyes referencias bibliográficas aIncluye notas al pie de las páginas14aCARNERO, GUILLERMOxCRÍTICA E INTERPRETACIÓN 4aPoesía española 4aLiteratura española 0aPoesía Hiperión ;v16